000 00466nam a2200181Ia 4500
001 2818
005 20260306144835.0
008 260306t2008||||xx |||||||||||||| ||spa||
041 _aESP
082 _a230.2
_bG71
100 _aGonzález de Cardenal, Olegario
_eAUT
245 0 _aEl que hacer de la teología:
_bgénesis. Estructura. Misión
260 _c2008
300 _a766 páginas :
_c23 cm.
650 _aGEN
654 _aCHU
942 _cLIB
_dJUS
_fJUS
_2ddc
_n
999 _c2818
_d2818